00433nam a22001457a 4500020001800000082001400018100003000032245004200062260003200104300000700136650002300143942000700166952009700173999001700270 a9789351790525 a297.1 KHA aKhan, Maulana Wahiduddin  aThe Political Interpretation Of islam aNoidabGoodword Booksc2015 a72 aIslam-20th Century cBK 00104070aHMIbHMId2018-05-24g100.00l0o297.1 KHAp11003559r2026-01-16w2026-01-16yBK c20659d20659